000 00412nam a2200181Ia 4500
001 19572
005 20260306172703.0
008 260306t2000||||xx |||||||||||||| ||spa||
041 _aESP
082 _a340.7
_bC72
100 _aCotta, Sergio
_eAUT
245 0 _a¿Qué es el derecho?
260 _c2000
300 _a153 páginas :
_c19 cm.
650 _aGEN
654 _aCDE
942 _cLIB
_dJUS
_fJUS
_2ddc
_n
999 _c19572
_d19572